000 00258nam a22001217a 4500
020 _a978-81-8355-567-8
082 _a494
_bMAP/A
245 _aNIBHANDHKOSH
260 _aNOIDA
_bMAPLE PRESS
300 _a272
650 _aHINDI COMPOSITION
_zINDIA
942 _cBK
999 _c6508
_d6508